The prisoner of zenda /

Guardado en:
Formato: Libro
Idioma:Undetermined
Publicado: 2015.
Materias:
Etiquetas: Agregar Etiqueta
Sin Etiquetas, Sea el primero en etiquetar este registro!
LEADER 00351nam a22001335a 4500
001 CEM.cems018871
008 211018s2015####xx############000#0#und#d
005 20211018185328.0
003 CEMS
245 1 0 |a The prisoner of zenda /  |c Anthony Hope. 
260 |c 2015. 
653 |a Texto Inglés 
653 |a Caja Inglés 2 
859 |a CEMS  |b BIB. CEMS - 11 de abril  |p SSR-51  |t Ej. 1